[Event "Lichtenrader Herbst"]
[Site "Berlin-Lichtenrade"]
[Date "2015.10.31"]
[Round "8.19"]
[White "Marzano, Carlo"]
[Black "Wierzbicki, Jirawat"]
[Result "1-0"]
[WhiteElo "2152"]
[BlackElo "2031"]
[PlyCount "61"]
[EventDate "2015.??.??"]
[BlackTeam "SK König Tegel"]

1. d4 d5 2. Nf3 Nf6 3. Bg5 Ne4 4. Bf4 g6 5. c4 c6 6. e3 Bg7 7. Nc3 Nxc3 8. bxc3
O-O 9. Qb3 b6 10. Be2 Bb7 11. O-O Nd7 12. cxd5 cxd5 13. a4 Kh8 14. a5 f6 15.
Bb5 Nb8 16. axb6 Qxb6 17. Rfb1 a6 18. Ba4 Qxb3 19. Rxb3 Bc6 20. Rxb8 Raxb8 21.
Bxc6 Rb3 22. Bxd5 Rxc3 23. h4 Rd8 24. e4 h6 25. Rxa6 g5 26. Be3 g4 27. Nh2 f5
28. Nf1 h5 29. Ng3 f4 30. Bxf4 Rf8 31. Nxh5 1-0

[Event "Lichtenrader Herbst"]
[Site "Berlin-Lichtenrade"]
[Date "2015.10.31"]
[Round "8.20"]
[White "Heerde, Thomas"]
[Black "Haas, Frank-Martin"]
[Result "1-0"]
[WhiteElo "1988"]
[BlackElo "2143"]
[PlyCount "164"]
[EventDate "2015.??.??"]
[WhiteTeam "SC Weisse Dame (Berlin)"]
[BlackTeam "SV Walldorf"]

1. e4 e6 2. d3 d5 3. Nd2 Nf6 4. Ngf3 c5 5. g3 Nc6 6. Bg2 Be7 7. O-O O-O 8. e5
Nd7 9. Re1 b5 10. h4 a5 11. Nf1 b4 12. Bf4 Ba6 13. Ng5 Qe8 14. Qg4 Bxg5 15.
hxg5 a4 16. Rad1 Rc8 17. Bh1 Kh8 18. f3 Rg8 19. Qh3 Nf8 20. Ne3 Ne7 21. Ng4 c4
22. d4 c3 23. b3 Ra8 24. Bg2 Nf5 25. Ne3 Qd7 26. Kf2 Nxe3 27. Bxe3 Bb5 28. Bf1
axb3 29. axb3 Ra2 30. Bxb5 Qxb5 31. Re2 Qa6 32. Rh1 g6 33. g4 Rg7 34. f4 Qc8
35. Kg3 Kg8 36. Rf2 Ra8 37. Rhf1 Qe8 38. Kh2 Ra6 39. Qh6 Qa8 40. Qh3 Qe8 41.
Qf3 Ra5 42. Kg3 Qc8 43. Rh2 Qa6 44. Rh6 Qc8 45. f5 exf5 46. gxf5 gxf5 47. Rb6
Qd8 48. Rxb4 Rxg5+ 49. Bxg5 Qxg5+ 50. Kh2 Ra6 51. Qg3 Qxg3+ 52. Kxg3 Ra2 53.
Rf2 Ne6 54. Kg2 f4 55. Kf1 f3 56. Kg1 Ng5 57. Ra4 Nh3+ 58. Kf1 Rb2 59. Rxf3
Rb1+ 60. Kg2 Ng1 61. Rg3+ Kf8 62. Ra8+ Ke7 63. Rxc3 Ne2 64. Ra7+ Ke6 65. Rc6+
Kf5 66. Rxf7+ Ke4 67. c3 Nf4+ 68. Kg3 Rg1+ 69. Kh4 h5 70. Rxf4+ Kxf4 71. Rf6+
Ke4 72. b4 Rh1+ 73. Kg3 Rg1+ 74. Kf2 Rc1 75. e6 Rc2+ 76. Kg3 Rxc3+ 77. Kh4 Re3
78. b5 Kxd4 79. b6 Ke5 80. Rf3 Re4+ 81. Kxh5 Kxe6 82. Rb3 Kf5 1-0

[Event "Lichtenrader Herbst"]
[Site "Berlin-Lichtenrade"]
[Date "2015.11.01"]
[Round "9.1"]
[White "Stremavicius, Titas"]
[Black "Danin, Alexandre"]
[Result "1/2-1/2"]
[WhiteElo "2466"]
[BlackElo "2579"]
[PlyCount "73"]
[EventDate "2015.??.??"]
[WhiteTeam "Kaunas Margiris"]
[BlackTeam "Bochumer SV"]

1. c4 Nf6 2. Nc3 d5 3. cxd5 Nxd5 4. Nf3 c5 5. d4 Nxc3 6. bxc3 g6 7. Bf4 Bg7 8.
e3 Qa5 9. Qb3 O-O 10. Bc4 cxd4 11. exd4 Nc6 12. O-O Qf5 13. Bc7 Qd7 14. Be5 Na5
15. Qb4 Nxc4 16. Qxc4 b5 17. Qb3 Bb7 18. Bxg7 Bxf3 19. gxf3 Kxg7 20. Rfe1 Rfc8
21. Re5 a6 22. a4 Rab8 23. axb5 Rxb5 24. Rxb5 axb5 25. Re1 Rc7 26. Kg2 Qc6 27.
Re3 e6 28. Qb1 Rd7 29. Qe1 Qc4 30. Re5 Rc7 31. Qe4 Rc6 32. Qf4 b4 33. cxb4 Qxb4
34. Rh5 gxh5 35. Qg5+ Kf8 36. Qd8+ Kg7 37. Qg5+ 1/2-1/2

[Event "Lichtenrader Herbst"]
[Site "Berlin-Lichtenrade"]
[Date "2015.11.01"]
[Round "9.2"]
[White "Kovalev, Andrei"]
[Black "Baldauf, Marco"]
[Result "1/2-1/2"]
[WhiteElo "2534"]
[BlackElo "2404"]
[PlyCount "27"]
[EventDate "2015.??.??"]
[BlackTeam "SF 1903 Berlin"]

1. e4 c5 2. Nf3 d6 3. Bb5+ Nd7 4. d4 cxd4 5. Qxd4 a6 6. Bxd7+ Bxd7 7. Nc3 e5 8.
Qd3 h6 9. Nd2 Nf6 10. Nc4 Be6 11. Ne3 Rc8 12. O-O Be7 13. Ncd5 Nxd5 14. Nxd5
1/2-1/2

[Event "Lichtenrader Herbst"]
[Site "Berlin-Lichtenrade"]
[Date "2015.11.01"]
[Round "9.3"]
[White "Malek, Daniel"]
[Black "Romanishin, Oleg M"]
[Result "1/2-1/2"]
[WhiteElo "2426"]
[BlackElo "2474"]
[PlyCount "36"]
[EventDate "2015.??.??"]
[WhiteTeam "SK Zehlendorf"]

1. d4 Nf6 2. Bg5 d5 3. e3 Nbd7 4. Nf3 g6 5. c4 Ne4 6. Bh4 Ndf6 7. Nc3 Bg7 8.
Qb3 Nxc3 9. bxc3 c6 10. cxd5 Nxd5 11. Be2 Qa5 12. Rc1 b5 13. O-O Be6 14. c4 Nb6
15. d5 bxc4 16. Bxc4 Bxd5 17. Bxd5 Qxd5 18. Qa3 Qd6 1/2-1/2

[Event "Lichtenrader Herbst"]
[Site "Berlin-Lichtenrade"]
[Date "2015.11.01"]
[Round "9.4"]
[White "Kasparov, Sergey"]
[Black "Boetzer, Detlef"]
[Result "1/2-1/2"]
[WhiteElo "2482"]
[BlackElo "2226"]
[PlyCount "227"]
[EventDate "2015.??.??"]
[BlackTeam "SC Rotation Pankow"]

1. e4 e6 2. d4 d5 3. Nd2 Nf6 4. e5 Nfd7 5. Bd3 c5 6. c3 Nc6 7. Ne2 cxd4 8. cxd4
Nb6 9. O-O Bd7 10. f4 g6 11. Nf3 h5 12. g3 a5 13. h3 a4 14. Rf2 Nb4 15. Bb1 Nc4
16. a3 Nc6 17. Nc3 Qa5 18. Bd3 b5 19. Bf1 Qa6 20. Rb1 N6a5 21. Na2 Nb3 22. Nb4
Qb6 23. Nc2 Rc8 24. Na1 Nxa1 25. Rxa1 Be7 26. Bd3 b4 27. axb4 Qxb4 28. Rc2 Kf8
29. Qe2 Kg7 30. Kg2 Na5 31. Rxc8 Rxc8 32. Bd2 Qb6 33. Bxa5 Qxa5 34. g4 hxg4 35.
hxg4 Qb4 36. f5 exf5 37. gxf5 Bxf5 38. Bxf5 gxf5 39. Rg1 Kf8 40. Rh1 Rc6 41.
Kg3 Rg6+ 42. Kf4 Qb6 43. Qc2 Rg4+ 44. Ke3 Bg5+ 45. Kf2 Bh4+ 46. Kf1 Qa6+ 47.
Qe2 Qxe2+ 48. Kxe2 Rg2+ 49. Kd3 Bd8 50. Ra1 Rxb2 51. Rxa4 Rb3+ 52. Ke2 Bb6 53.
Nh4 f6 54. Nxf5 fxe5 55. dxe5 Kf7 56. Ra6 Rb2+ 57. Kd3 Ke6 58. Kc3 Rb1 59. Nd4+
Kxe5 60. Kc2 Kxd4 61. Kxb1 Kc5 62. Kc2 Kc6 63. Kb3 d4 64. Kc4 d3 65. Kxd3 Kb7
66. Ra2 Ba7 67. Kc4 Bb8 68. Kb5 Ba7 69. Rg2 Ka8 70. Rg8+ Bb8 71. Kc6 Ka7 72.
Rg4 Ka8 73. Rg2 Ba7 74. Rb2 Bb8 75. Rb3 Ba7 76. Rb7 Bb8 77. Kb6 Be5 78. Ra7+
Kb8 79. Rd7 Ka8 80. Rd5 Bf4 81. Rd3 Be5 82. Rd2 Bf4 83. Re2 Bg3 84. Ra2+ Kb8
85. Rg2 Bc7+ 86. Kc6 Bf4 87. Rb2+ Ka8 88. Ra2+ Kb8 89. Ra4 Be5 90. Rb4+ Ka8 91.
Kb6 Bg3 92. Rb2 Be5 93. Rd2 Bf4 94. Re2 Bg3 95. Re8+ Bb8 96. Re7 Bf4 97. Re2
Bg3 98. Ra2+ Kb8 99. Rg2 Bc7+ 100. Kc6 Bf4 101. Rg8+ Ka7 102. Rg7+ Ka8 103. Rg2
Bb8 104. Rd2 Ba7 105. Ra2 Kb8 106. Rb2+ Ka8 107. Kc7 Be3 108. Rb8+ Ka7 109. Rb4
Ka8 110. Re4 Bf2 111. Rg4 Be3 112. Rg8+ Ka7 113. Rf8 Bb6+ 114. Kc6 1/2-1/2

[Event "Lichtenrader Herbst"]
[Site "Berlin-Lichtenrade"]
[Date "2015.11.01"]
[Round "9.5"]
[White "Foerster, Jonas"]
[Black "Solys, Laimutis"]
[Result "1/2-1/2"]
[WhiteElo "2261"]
[BlackElo "2344"]
[PlyCount "112"]
[EventDate "2015.??.??"]
[WhiteTeam "SSC Rostock"]
[BlackTeam "Kaunas Margiris"]

1. d4 f5 2. c4 Nf6 3. Nc3 d6 4. g3 g6 5. Bg2 Bg7 6. Nf3 O-O 7. O-O c6 8. Rb1
Ne4 9. Qd3 e5 10. dxe5 Nxc3 11. Qxc3 dxe5 12. e4 f4 13. b4 Bg4 14. h3 Bxf3 15.
Bxf3 fxg3 16. fxg3 Qd4+ 17. Qxd4 exd4 18. Bg4 Re8 19. h4 h5 20. Bh3 Na6 21. Ba3
Nc7 22. Rfe1 Rad8 23. Bb2 Be5 24. Kf2 b6 25. Rbd1 Re7 26. Rd3 c5 27. bxc5 bxc5
28. Rb3 Rf7+ 29. Rf3 Rxf3+ 30. Kxf3 Rb8 31. Ba3 Na6 32. Be6+ Kg7 33. g4 Nb4 34.
Bxb4 Rxb4 35. gxh5 gxh5 36. Rg1+ Kf6 37. Bd5 Ra4 38. Rg5 Ra3+ 39. Ke2 d3+ 40.
Ke3 d2+ 41. Ke2 Bc3 42. Rf5+ Kg7 43. Rf3 Bb4 44. Rxa3 Bxa3 45. Kxd2 Bb2 46. Ke3
Bf6 47. Kf4 Bxh4 48. Kf5 Bg3 49. e5 h4 50. Ke6 h3 51. Be4 h2 52. a4 a5 53. Kd6
Kf8 54. Kxc5 Bxe5 55. Kb6 Bc3 56. c5 Bd4 1/2-1/2

[Event "Lichtenrader Herbst"]
[Site "Berlin-Lichtenrade"]
[Date "2015.11.01"]
[Round "9.6"]
[White "Meister, Jakob"]
[Black "Krefenstein, Sergej"]
[Result "1-0"]
[WhiteElo "2437"]
[BlackElo "2205"]
[PlyCount "143"]
[EventDate "2015.??.??"]
[WhiteTeam "SK Zehlendorf"]
[BlackTeam "TuS Makkabi Berlin"]

1. c4 c5 2. Nc3 Nc6 3. e3 Nf6 4. Nf3 g6 5. a3 Bg7 6. Rb1 O-O 7. b4 d6 8. b5 Ne5
9. Nxe5 dxe5 10. d3 Bf5 11. Qc2 Qd6 12. Bb2 Rfd8 13. Rd1 a5 14. Be2 b6 15. h3
h5 16. O-O g5 17. Bf3 Rab8 18. Be4 Qe6 19. Bd5 Qd7 20. e4 Bg6 21. Bc6 Qd6 22.
Bc1 g4 23. Kh2 Nh7 24. Qe2 gxh3 25. gxh3 e6 26. Kh1 Qe7 27. Qf3 Bf6 28. Rg1 Kh8
29. Ne2 h4 30. Rg2 Rd6 31. Nc3 Rbd8 32. Na4 Rb8 33. Rdg1 Rbd8 34. Nb2 Rd4 35.
Qe2 Bg7 36. Be3 R4d6 37. Rd1 Bf6 38. Na4 Qc7 39. Bc1 Rb8 40. Nb2 Qe7 41. Rdg1
Rbd8 42. Bd2 Rb8 43. Bc3 Rdd8 44. Rd1 Bg7 45. Rd2 Qf6 46. Rd1 Ng5 47. f4 Qxf4
48. Rf1 Nxh3 49. Bd2 Qxf1+ 50. Qxf1 Nf4 51. Rh2 Bh6 52. Rxh4 Kg7 53. Rxh6 Kxh6
54. Bxf4+ exf4 55. Qxf4+ Kg7 56. Qe5+ Kf8 57. d4 cxd4 58. Nd3 Ke7 59. Qc7+ Kf8
60. Kg2 Kg7 61. Qe5+ Kh7 62. Kf2 Rf8 63. Qxd4 Rbd8 64. Qe3 f5 65. Ke1 fxe4 66.
Bxe4 Rf6 67. Ne5 Bf5 68. Ng4 Rff8 69. Qh6+ Kg8 70. Qg5+ Kf7 71. Ne5+ Ke8 72.
Bc6+ 1-0

[Event "Lichtenrader Herbst"]
[Site "Berlin-Lichtenrade"]
[Date "2015.11.01"]
[Round "9.7"]
[White "Steponavicius, Stasys"]
[Black "Bruedigam, Martin"]
[Result "1/2-1/2"]
[WhiteElo "2194"]
[BlackElo "2375"]
[PlyCount "24"]
[EventDate "2015.??.??"]
[WhiteTeam "Kaunas Margiris"]
[BlackTeam "SK König Tegel"]

1. d4 Nf6 2. c4 e6 3. Nc3 Bb4 4. Nf3 c5 5. g3 cxd4 6. Nxd4 Ne4 7. Qd3 Bxc3+ 8.
bxc3 Nc5 9. Qd2 O-O 10. Ba3 Nba6 11. Nb3 Qc7 12. Bg2 Rd8 1/2-1/2

[Event "Lichtenrader Herbst"]
[Site "Berlin-Lichtenrade"]
[Date "2015.11.01"]
[Round "9.8"]
[White "Schnabel, Ralf"]
[Black "Muse, Mladen"]
[Result "1/2-1/2"]
[WhiteElo "2241"]
[BlackElo "2380"]
[PlyCount "44"]
[EventDate "2015.??.??"]
[WhiteTeam "ESV Nickelhütte Aue"]
[BlackTeam "SK König Tegel"]

1. e4 c6 2. d4 g6 3. Nf3 Bg7 4. c3 d6 5. Nbd2 Nf6 6. Be2 O-O 7. O-O Nbd7 8. Re1
e5 9. Bf1 exd4 10. cxd4 Re8 11. Qc2 a5 12. b3 Nf8 13. Bb2 d5 14. e5 Bf5 15. Bd3
Bxd3 16. Qxd3 N6d7 17. a4 Ne6 18. Rad1 Qb6 19. Ba3 Bf8 20. Bxf8 Kxf8 21. Nf1
Kg7 22. h4 Qd8 1/2-1/2

[Event "Lichtenrader Herbst"]
[Site "Berlin-Lichtenrade"]
[Date "2015.11.01"]
[Round "9.9"]
[White "Chkhaidze, Nikoloz"]
[Black "Prilleltensky, Matan"]
[Result "1/2-1/2"]
[WhiteElo "2323"]
[BlackElo "2150"]
[PlyCount "122"]
[EventDate "2015.??.??"]
[BlackTeam "Marshall Chess Club"]

1. e4 c5 2. Nf3 e6 3. d4 cxd4 4. Nxd4 a6 5. Bd3 Qc7 6. O-O Nf6 7. Qe2 d6 8. c4
g6 9. Nc3 Bg7 10. Rd1 O-O 11. Nf3 Nc6 12. Bc2 Ng4 13. Bf4 Nge5 14. Rac1 b6 15.
Bb1 Nxf3+ 16. Qxf3 Ne5 17. Qg3 Bb7 18. b3 Rac8 19. Be3 Ba8 20. Bd4 Rfe8 21. f4
Nd7 22. Bxg7 Kxg7 23. Qd3 Qc5+ 24. Kh1 Rc6 25. e5 Qf2 26. Rf1 Qb2 27. Rc2 Qa3
28. Qd4 Qc5 29. Rd1 Rd8 30. exd6+ Nf6 31. Rcd2 Qxd4 32. Rxd4 b5 33. Ne4 bxc4
34. bxc4 Ng4 35. c5 Rcc8 36. d7 Rc7 37. Kg1 Bxe4 38. Bxe4 Rxc5 39. Bb7 a5 40.
a4 Nf6 41. Ba6 Nd5 42. Bc8 Nb6 43. Rb1 Nxc8 44. Rb8 Rc7 45. dxc8=Q Rdxc8 46.
Rxc8 Rxc8 47. Kf2 Kf8 48. Kf3 Rc3+ 49. Ke4 Rc2 50. Kf3 Ke7 51. h3 f6 52. g3
Rc3+ 53. Kg4 h6 54. Kh4 f5 55. g4 Kf6 56. g5+ hxg5+ 57. fxg5+ Ke5 58. Rd5+ Kf4
59. Rd6 Rc8 60. Rd8 Rc4 61. Rd4+ Rxd4 1/2-1/2

[Event "Lichtenrader Herbst"]
[Site "Berlin-Lichtenrade"]
[Date "2015.11.01"]
[Round "9.10"]
[White "Lagunow, Raphael"]
[Black "Muse, Drazen"]
[Result "1/2-1/2"]
[WhiteElo "2164"]
[BlackElo "2393"]
[PlyCount "63"]
[EventDate "2015.??.??"]
[WhiteTeam "SK Zehlendorf"]
[BlackTeam "SK König Tegel"]

1. e4 Nc6 2. Nf3 g6 3. d4 Bg7 4. Nc3 d6 5. h3 Nf6 6. Be2 O-O 7. O-O e5 8. dxe5
Nxe5 9. Nd4 Re8 10. Re1 Nc6 11. Nxc6 bxc6 12. Bf3 Nd7 13. Be3 Rb8 14. Rb1 Rxb2
15. Rxb2 Bxc3 16. Rb3 Bxe1 17. Qxe1 c5 18. Qa5 a6 19. Bf4 Nb6 20. Rd3 Qf6 21.
Bxd6 cxd6 22. Qxb6 Qa1+ 23. Kh2 Qxa2 24. Rxd6 Be6 25. Qxc5 Rc8 26. Qd4 Qxc2 27.
Rxa6 Qc7+ 28. Qd6 Qc2 29. Kg3 h5 30. Qf4 Qc4 31. Rb6 Qc5 32. Rb8 1/2-1/2

[Event "Lichtenrader Herbst"]
[Site "Berlin-Lichtenrade"]
[Date "2015.11.01"]
[Round "9.11"]
[White "Terhorst, Jochen"]
[Black "Lyell, Mark"]
[Result "1-0"]
[WhiteElo "2166"]
[BlackElo "2285"]
[PlyCount "107"]
[EventDate "2015.??.??"]
[WhiteTeam "SC Jünkerath"]

1. e4 c6 2. d4 d5 3. e5 c5 4. dxc5 Nc6 5. Nf3 e6 6. Bd3 Bxc5 7. a3 Bd7 8. O-O
Nge7 9. b4 Bb6 10. Bb2 Ng6 11. g3 a5 12. b5 Nce7 13. Qe2 O-O 14. Nbd2 a4 15. c4
Bc5 16. h4 Nc8 17. cxd5 exd5 18. h5 Nh8 19. Rac1 Be7 20. Nd4 Re8 21. Bb1 Bf8
22. Qd3 g6 23. f4 Ne7 24. N2f3 Nf5 25. Kg2 Qb6 26. Rh1 Rac8 27. Rce1 Nxd4 28.
Nxd4 Rc5 29. e6 Bxe6 30. hxg6 fxg6 31. Nxe6 Rxe6 32. Bd4 Rxe1 33. Bxc5 Qxc5 34.
Rxe1 Nf7 35. Ba2 Kg7 36. Qxd5 Qc2+ 37. Kf3 Qc7 38. Qxf7+ Qxf7 39. Bxf7 Kxf7 40.
Re4 Bxa3 41. Rxa4 Bc5 42. Rc4 Bd6 43. g4 Ke6 44. Ke4 h5 45. gxh5 gxh5 46. f5+
Kf6 47. b6 h4 48. Rc7 h3 49. Rxb7 h2 50. Rh7 Kg5 51. b7 Bg3 52. Kf3 Be5 53. Kg2
Kxf5 54. Rh5+ 1-0

[Event "Lichtenrader Herbst"]
[Site "Berlin-Lichtenrade"]
[Date "2015.11.01"]
[Round "9.12"]
[White "Bergstrom, Rolf"]
[Black "Niehaus, Frank"]
[Result "1-0"]
[WhiteElo "2285"]
[BlackElo "2190"]
[PlyCount "59"]
[EventDate "2015.??.??"]
[BlackTeam "SK König Tegel"]

1. e4 d6 2. d4 Nf6 3. Nc3 g6 4. Be3 Bg7 5. Qd2 O-O 6. O-O-O c6 7. Bh6 b5 8.
Bxg7 Kxg7 9. e5 dxe5 10. dxe5 Qxd2+ 11. Rxd2 Ng4 12. f4 Be6 13. Nf3 Ne3 14. Nd4
Bc4 15. Be2 Bxe2 16. Rxe2 Nc4 17. g4 Rc8 18. h4 a6 19. h5 c5 20. hxg6 cxd4 21.
Rxh7+ Kg8 22. Reh2 dxc3 23. gxf7+ Kf8 24. e6 cxb2+ 25. Kb1 Nc6 26. Rh8+ Kg7 27.
R2h7+ Kf6 28. Rh6+ Kg7 29. R8h7+ Kf8 30. Rg6 1-0

[Event "Lichtenrader Herbst"]
[Site "Berlin-Lichtenrade"]
[Date "2015.11.01"]
[Round "9.13"]
[White "Rettore, Ludwig"]
[Black "Lerch, Philipp"]
[Result "0-1"]
[WhiteElo "2109"]
[BlackElo "2307"]
[PlyCount "82"]
[EventDate "2015.??.??"]
[BlackTeam "SC Kreuzberg"]

1. Nf3 Nf6 2. g3 c5 3. Bg2 d5 4. O-O Nc6 5. d3 e6 6. Nbd2 Be7 7. e4 b6 8. Re1
Bb7 9. h4 Qc7 10. Nf1 O-O-O 11. e5 Nd7 12. Bf4 h6 13. c3 Rdg8 14. d4 g5 15.
hxg5 hxg5 16. Be3 f6 17. exf6 Bxf6 18. N3h2 e5 19. dxe5 Ncxe5 20. Bxd5 Rd8 21.
Bxb7+ Qxb7 22. Qe2 g4 23. Bf4 Rde8 24. Qc2 Rh5 25. Bxe5 Nxe5 26. Qa4 Reh8 27.
Rxe5 Bxe5 28. Qxg4+ Kb8 29. f4 Bd6 30. Rd1 Rd5 31. Qf3 Rxd1 32. Qxd1 Kc7 33.
Qf3 Qa6 34. Qd5 Qe2 35. Qg2 Re8 36. Nf3 Qxg2+ 37. Kxg2 Re2+ 38. Kh3 Rxb2 39.
N1d2 Rxa2 40. Kg4 a5 41. Kf5 a4 0-1

[Event "Lichtenrader Herbst"]
[Site "Berlin-Lichtenrade"]
[Date "2015.11.01"]
[Round "9.14"]
[White "Rietze, Clemens"]
[Black "Cusnariov, Nikolai"]
[Result "1-0"]
[WhiteElo "2279"]
[BlackElo "2118"]
[PlyCount "57"]
[EventDate "2015.??.??"]
[WhiteTeam "SC Rotation Pankow"]
[BlackTeam "USV Potsdam"]

1. d4 d5 2. c4 dxc4 3. Nf3 Nf6 4. e3 e6 5. Bxc4 Be7 6. O-O c5 7. Qe2 cxd4 8.
Rd1 Nc6 9. exd4 O-O 10. Nc3 Nb4 11. Bf4 a6 12. Ne5 Nbd5 13. Bg3 Bd7 14. Bb3 Rc8
15. Rac1 Re8 16. Bh4 Rc7 17. Qf3 Nxc3 18. bxc3 Bc6 19. Nxc6 bxc6 20. Qe2 a5 21.
Qe5 Rd7 22. Ba4 Rd5 23. Qe2 Qc8 24. Qc4 Ba3 25. Rb1 Rh5 26. Bg3 Ne4 27. Rb8
Qxb8 28. Bxb8 Rxb8 29. Qxc6 1-0

[Event "Lichtenrader Herbst"]
[Site "Berlin-Lichtenrade"]
[Date "2015.11.01"]
[Round "9.15"]
[White "Peters, Alex"]
[Black "Heerde, Thomas"]
[Result "1/2-1/2"]
[WhiteElo "2262"]
[BlackElo "1988"]
[PlyCount "216"]
[EventDate "2015.??.??"]
[WhiteTeam "Brühler SK"]
[BlackTeam "SC Weisse Dame (Berlin)"]

1. b3 Nf6 2. Bb2 g6 3. e3 Bg7 4. d4 O-O 5. Nf3 b6 6. Be2 Bb7 7. O-O c5 8. dxc5
bxc5 9. c4 e6 10. Nc3 Qe7 11. Rc1 Rd8 12. Qc2 Nc6 13. Rfd1 Rac8 14. Qb1 d6 15.
Qa1 Nb4 16. Nb5 e5 17. a3 Nc6 18. Nd2 Ne8 19. Nc3 a5 20. Bf3 Rb8 21. Nd5 Qf8
22. Ne4 Ba8 23. Qa2 h6 24. Nec3 Kh7 25. Nb5 Rdc8 26. Bc3 f5 27. Qb2 h5 28. Qd2
Qf7 29. Qc2 Bh6 30. Rb1 Rd8 31. Be1 Bb7 32. Bc3 Ba8 33. a4 Bb7 34. Qd2 Ra8 35.
Nb6 Nd4 36. Bxb7 Qxb7 37. Nd5 Nc6 38. Qe2 Nb4 39. Nxb4 cxb4 40. Bb2 Rac8 41.
Rd5 Qb6 42. Rbd1 Bf8 43. Qd2 Be7 44. Qc2 Nf6 45. R5d3 Ne4 46. Kf1 Rc6 47. f3
Nc5 48. Rd5 Bg5 49. Bc1 Bf6 50. Bb2 Bg5 51. Ke2 Nb7 52. Qd2 f4 53. e4 Be7 54.
Qc2 g5 55. Bc1 Rg8 56. h3 Nc5 57. Bd2 Qb8 58. Rh1 Qf8 59. Be1 Rg6 60. Bf2 Ne6
61. Qd3 Kg7 62. Na7 Ra6 63. c5 Rxa7 64. cxd6 Rb7 65. dxe7 Qxe7 66. Rd1 Nf8 67.
Bc5 Qf7 68. Rxe5 Ne6 69. Bd4 Kh6 70. Rd5 Rc7 71. Bb2 Nf8 72. Rd2 Rcc6 73. Qd4
Rc7 74. Qe5 Nh7 75. Qf5 Qe7 76. h4 Rcc6 77. hxg5+ Qxg5 78. Qxg5+ Rxg5 79. Rd6+
Rg6 80. e5 Kg5 81. Rxg6+ Rxg6 82. Rd6 Rg8 83. Rd7 Kg6 84. Bc1 Rf8 85. Ra7 Ng5
86. Rxa5 Ne6 87. Kd3 Rc8 88. Bd2 Rd8+ 89. Kc2 Nd4+ 90. Kb2 Nc6 91. Ra6 Rxd2+
92. Kc1 Rxg2 93. Rxc6+ Kg7 94. Rf6 h4 95. Rxf4 h3 96. Rxb4 h2 97. Rh4 Rg1+ 98.
Kc2 h1=Q 99. Rxh1 Rxh1 100. a5 Re1 101. f4 Re4 102. a6 Rxf4 103. Kc3 Rf8 104.
Kc4 Kf7 105. Kc5 Rc8+ 106. Kb6 Rb8+ 107. Kc7 Rxb3 108. a7 Ra3 1/2-1/2

[Event "Lichtenrader Herbst"]
[Site "Berlin-Lichtenrade"]
[Date "2015.11.01"]
[Round "9.16"]
[White "Zahn, Benno"]
[Black "Gruzmann, Boris"]
[Result "1/2-1/2"]
[WhiteElo "2105"]
[BlackElo "2250"]
[PlyCount "56"]
[EventDate "2015.??.??"]
[WhiteTeam "SV Hellas Nauen"]
[BlackTeam "Lübecker SV"]

1. e4 c5 2. Nf3 d6 3. d4 cxd4 4. Nxd4 Nf6 5. Nc3 a6 6. Bg5 e6 7. f4 Be7 8. Qf3
h6 9. Bh4 Qc7 10. O-O-O Nbd7 11. Kb1 g5 12. fxg5 Ne5 13. Qe2 Nfg4 14. Qd2 Qd8
15. h3 hxg5 16. Bg3 Bd7 17. Bb5 Nf6 18. Bxd7+ Nfxd7 19. Rhf1 Rh7 20. Nf3 Qa5
21. Qd4 O-O-O 22. Nxe5 Nxe5 23. Na4 Kb8 24. Nb6 Kc7 25. Bf2 Nc6 26. Qd3 Ne5 27.
Qd4 Nc6 28. Qd3 Ne5 1/2-1/2

[Event "Lichtenrader Herbst"]
[Site "Berlin-Lichtenrade"]
[Date "2015.11.01"]
[Round "9.17"]
[White "Boettcher, Patrick"]
[Black "Marzano, Carlo"]
[Result "0-1"]
[WhiteElo "2152"]
[BlackElo "2152"]
[PlyCount "80"]
[EventDate "2015.??.??"]
[WhiteTeam "SC Zitadelle Spandau"]

1. d4 d5 2. c4 c6 3. Nc3 Nf6 4. e3 a6 5. Nf3 Bf5 6. Qb3 b5 7. cxd5 cxd5 8. a4
b4 9. Na2 Nc6 10. Bd2 e6 11. Rc1 Na5 12. Qd1 Qb6 13. Nh4 Bd6 14. f3 O-O 15. g4
Bg6 16. Nxg6 hxg6 17. Bd3 Nc6 18. f4 Nxd4 19. exd4 Qxd4 20. Qf3 Qxb2 21. Rc6
Rfd8 22. Nc1 Rac8 23. Rxc8 Rxc8 24. Qd1 Qd4 25. Qf3 Qb2 26. Qd1 a5 27. g5 Ne4
28. Bxe4 dxe4 29. Nb3 e3 30. Bxe3 Rc3 31. Bd4 Qxb3 32. Bxc3 Qxc3+ 33. Ke2 Bxf4
34. Qd8+ Kh7 35. Rd1 Qe3+ 36. Kf1 Qf3+ 37. Ke1 Be3 38. Rd3 b3 39. Qxa5 Qf2+ 40.
Kd1 Qc2+ 0-1

[Event "Lichtenrader Herbst"]
[Site "Berlin-Lichtenrade"]
[Date "2015.11.01"]
[Round "9.18"]
[White "Zschaebitz, Klaus"]
[Black "Juhnke, Juergen"]
[Result "0-1"]
[WhiteElo "2066"]
[BlackElo "2185"]
[PlyCount "84"]
[EventDate "2015.??.??"]
[WhiteTeam "Berliner SchGes Eckbauer"]
[BlackTeam "SK Lister Turm"]

1. c4 Nf6 2. g3 g6 3. Bg2 Bg7 4. Nc3 O-O 5. Nf3 d6 6. d4 Nc6 7. O-O a6 8. Qd3
d5 9. cxd5 Nxd5 10. Nxd5 Qxd5 11. e4 Qb5 12. Rd1 Bg4 13. Be3 Rfd8 14. Qxb5 axb5
15. e5 Be6 16. b3 Nb4 17. Ng5 Bd5 18. Bxd5 Rxd5 19. Ne4 c6 20. Nc3 Rdd8 21. a4
bxa4 22. bxa4 c5 23. Rab1 Nc2 24. dxc5 Rxd1+ 25. Rxd1 Nxe3 26. fxe3 Bxe5 27.
Nd5 Rxa4 28. Nxe7+ Kf8 29. Nc8 Ke8 30. Nb6 Ra1 31. Rxa1 Bxa1 32. Kf1 Bg7 33.
Ke2 Bf8 34. Kd3 Bxc5 35. Nd5 Kd7 36. g4 Ke6 37. e4 h6 38. h4 Ke5 39. h5 g5 40.
Kc4 b6 41. Nc3 Kf4 42. Kd5 Kxg4 0-1

[Event "Lichtenrader Herbst"]
[Site "Berlin-Lichtenrade"]
[Date "2015.11.01"]
[Round "9.19"]
[White "Kardoeus, David"]
[Black "Arndt, Uwe"]
[Result "1-0"]
[WhiteElo "2170"]
[BlackElo "2019"]
[PlyCount "65"]
[EventDate "2015.??.??"]
[WhiteTeam "SV Werder Bremen"]
[BlackTeam "BSV 63 Chemie Weißensee"]

1. e4 c6 2. d4 d5 3. e5 c5 4. dxc5 Nc6 5. Nf3 Bg4 6. c3 e6 7. Be3 Nge7 8. Nbd2
Nf5 9. Bd4 Be7 10. Bd3 Nh4 11. O-O Bg5 12. h3 Bh5 13. g4 Bg6 14. Bxg6 Nxg6 15.
Nxg5 Qxg5 16. Nf3 Qh6 17. Kg2 Nh4+ 18. Nxh4 Qxh4 19. f4 Qd8 20. b4 b6 21. b5
Na5 22. c6 Nc4 23. f5 O-O 24. f6 g6 25. Qc1 Kh8 26. Be3 Nxe5 27. Bh6 Rg8 28.
Qf4 Qd6 29. Rae1 Nc4 30. Bg7+ Rxg7 31. fxg7+ Kxg7 32. Qxf7+ Kh6 33. Rxe6 1-0

[Event "Lichtenrader Herbst"]
[Site "Berlin-Lichtenrade"]
[Date "2015.11.01"]
[Round "9.20"]
[White "Bolk, Matthias"]
[Black "Kutschke, Jens"]
[Result "1/2-1/2"]
[WhiteElo "2087"]
[BlackElo "2005"]
[PlyCount "49"]
[EventDate "2015.??.??"]
[BlackTeam "SF 1903 Berlin"]

1. e4 e6 2. d4 d5 3. e5 c5 4. c3 Nc6 5. Nf3 Qb6 6. a3 c4 7. Nbd2 Na5 8. g3 f6
9. exf6 Nxf6 10. Bh3 Bd6 11. O-O O-O 12. Re1 Bc7 13. Ne5 Nb3 14. Nxb3 Qxb3 15.
Qxb3 cxb3 16. f3 Re8 17. a4 Nd7 18. Ra3 Bxe5 19. dxe5 Nc5 20. Bf1 Bd7 21. a5 b6
22. Be3 Rab8 23. Rea1 Bc6 24. Be2 Rec8 25. Bd4 1/2-1/2